00970nam a2200181 a 4500008004100000020001500041050001400056100002000070245023400090250001200324260005600336300001600392350001000408650005200418995016800470999001700638952013300655151214s2006 ||||||||||||||||| || u a8180617696 aRC 46 Cha aChandra, Sharad10aQuick review of PGMEE for various post graduate medical entrance examinations volume 3 : (including surgery, orthopedics, otorhinolaryngology, ophthalmology, obestrics and gynecology, anesthesiology). (3rd ed.)cBy Sharad Chandra a3rd ed. aNew DelhibJaypee Brothers Medical publishersc2006 a506p.: ill. a98.00 aINTERNAL MEDICINE--EXAMINATIONS, QUESTIONS, ETC aMEDICAL LIBRARY OPEN ACCESSe903218FCBU-SCHOOL OF MEDICINE LIBRARY (Ndola)I98.00jRC 46 ChaM1UOUTWDec 16, 2015y903218ZMedical Library Open Access Collection c32566d32566 00102lcc4070a002b002cMedical Library Open Access Collectiond2022-11-30l0oRC 46 Chap903218r2022-11-30w2022-11-30y002